000 00579nam a22002177a 4500
005 20240307111431.0
008 240304b |||||||| |||| 00| 0 eng d
020 _a9789355733979
_cRs. 999.00
040 _aMAIN
082 _a005.7
_bC15D
100 _aCamm, Jeffrey D
245 _aData visualization: Exploring and explaining with data
260 _aAustralia
_bCengage
_c2022
300 _axv, 402
650 _aEngineering
650 _aData Visualization
700 _aCochran, James J
700 _aFry, Michael J
700 _aOhlmann, Jeffrey W
942 _cBK
999 _c314286
_d314286